Online
Catalog

Administración financiera de empresa / (Record no. 25372)

MARC details
000 -CABECERA
campo de control de longitud fija 00796nam a2200229 a 4500
001 - NÚMERO DE CONTROL
campo de control 000025880
005 - FECHA Y HORA DE LA ÚLTIMA TRANSACCIÓN
campo de control 20200930024124.0
008 - DATOS DE LONGITUD FIJA--INFORMACIÓN GENERAL
campo de control de longitud fija 110223s1975 mx ad r 000 0 spa d
040 ## - FUENTE DE LA CATALOGACIÓN
Centro catalogador/agencia de origen DO-SdBNP
Lengua de catalogación spa
Centro/agencia transcriptor BNPHU
041 17 - CÓDIGO DE LENGUA
Código de lengua del texto/banda sonora o título independiente spa
Código de lengua original eng
082 ## - NÚMERO DE LA CLASIFICACIÓN DECIMAL DEWEY
Número de clasificación xxxx
Número de documento/Ítem W534a, 1975
100 1# - ENTRADA PRINCIPAL--NOMBRE DE PERSONA
Nombre de persona Weston, J. Fred
Fechas asociadas al nombre 1916-
9 (RLIN) 52734
240 10 - TÍTULO UNIFORME
Título uniforme Essntials of managerial finance
Lenguaje de la obra Español.
245 10 - MENCIÓN DE TÍTULO
Título Administración financiera de empresa /
Mención de responsabilidad, etc. J. Fred Weston, Eugene F. Brigham ; traducido al español por Vicente Agut Armer.
250 ## - MENCIÓN DE EDICIÓN
Mención de edición 3a ed.
260 ## - PUBLICACIÓN, DISTRIBUCIÓN, ETC.
Lugar de publicación, distribución, etc. México, D. F. :
Nombre del editor, distribuidor, etc. Interamericana,
Fecha de publicación, distribución, etc. 1975.
300 ## - DESCRIPCIÓN FÍSICA
Extensión xv, 607 p. :
Otras características físicas il., ;
Dimensiones 23 cm.
500 ## - NOTA GENERAL
Nota general Incluye apéndice
590 ## - NOTA LOCAL (RLIN)
Nota local Inventariado, 2019 /LP
700 1# - PUNTO DE ACCESO ADICIONAL--NOMBRE DE PERSONA
Nombre de persona Brigham, Eugene F.
9 (RLIN) 52735
700 1# - PUNTO DE ACCESO ADICIONAL--NOMBRE DE PERSONA
Nombre de persona Armer, Vicente Agut,
Término indicativo de función/relación traducción
9 (RLIN) 52736
Holdings
Estado de retiro Estado de pérdida Restricciones de uso No para préstamo Código de colección Localización permanente Ubicación/localización actual Ubicación en estantería Fecha de adquisición Número de inventario Total de préstamos Signatura topográfica completa Código de barras Fecha visto por última vez Precio válido a partir de Tipo de ítem Koha
      Excluido de préstamo Monografías: Libros y Folletos General General Depósito 23.02.2011 LF1   xxxx W534a, 1975 25880-10 25.06.2020 25.06.2020 No se presta

Powered by Koha